000 00956nam a22002657a 4500
005 20240530110933.0
008 220221s2008 ua c g b 000 0 ara d
017 _bمصر. دار الكتب
020 _a9772326248
040 _aEG-CaGPL
_cEG-CaGPL
082 0 4 _221
_a362.6 /
_bس م
100 0 _aسناء محمد سليمان
245 1 2 _aمرحلة الشيخوخة وحياة المسنين بين الامال والالام /
_cسناء محمد سليمان
260 _aالقاهرة :
_bعالم الكتب،
_c2008
300 _a231 ص ؛
_c24 سم
490 _aسلسلة ثقافة سيكولوجية للجميع
_v( 16 )
650 0 7 _aعلم الاجتماع
_2qrmak
650 0 7 _aالمسنون
_2qrmak
650 0 7 _aالرعاية
_2qrmak
650 0 7 _aالحقوق والوجبات
_2qrmak
650 0 7 _aالشيخوخة
_2qrmak
651 _2qrmak
942 _2ddc
_cBK
999 _c66693
_d66693